| 000 | 01845nkm a2200409 c 4500 | ||
|---|---|---|---|
| 999 |
_c210262 _d210262 |
||
| 003 | BLK | ||
| 005 | 20221028171713.0 | ||
| 008 | 180412b bul rap|r|||| r0| ||bulo| | ||
| 010 | _aKNG00163788000 | ||
| 040 | _aBLK | ||
| 041 |
_aBUL _cBUL |
||
| 080 |
_aХудожествени тъкани. Текстилно изкуство _b745.52 _x(497.2) _z745.52(497.2) |
||
| 080 |
_aХудожествена обработка на метали _b739 _x(497.2) _z739(497.2) |
||
| 080 |
_aОблекло. Носия. Мода. Накит. Вж и 613.4 ; 646 ; 687 _b391 _z391 |
||
| 100 | 1 |
_aКръстева, Гина _eпърви автор _9352363 |
|
| 139 |
_aКръстева, Гина и др. _bК 92 |
||
| 245 | 1 | 0 |
_aРодопско народно изкуство _bТъкани и медникарство _cГина Кръстева; съавт. Анастас Примовски. |
| 257 | _aBGR | ||
| 260 |
_bБълг. художник _c1971 _aСофия |
||
| 300 |
_a200 с. _bс ил. _c27 см |
||
| 380 | _a7 | ||
| 500 | _aБиблиогр. с. 21-23. - Бел. към текст. - Рез. на фр. и нем. | ||
| 650 | 4 |
_aТъкани, художествени _9270976 |
|
| 650 | 4 |
_aХудожествена обработка на метали _9304872 |
|
| 650 | 4 |
_aНародни носии, български _9262386 |
|
| 651 | 4 |
_aБългария _9241624 |
|
| 653 | _aхудожествени тъкани | ||
| 653 | _aмедникарство | ||
| 653 | _aнародни носии | ||
| 653 | _aРодопски край | ||
| 700 | 1 |
_aПримовски, Анастас _eсъавт. _9382074 |
|
| 852 |
_aЦб ІІ 26475 _bЦб |
||
| 856 | 4 |
_qpdf _u |
|
| 856 | 4 |
_qpdf _u |
|
| 942 |
_cGRA _n0 _s1 _02 |
||
| 944 |
_aCR _c25.07.2014 _l25.07.2014 - от С1,Р / 25.07.2014 _kКамелия_Данева |
||
| 944 |
_aED _c25.07.2014 _l25.07.2014 - от С1,Р / 25.07.2014 |
||
| 999 | _d210262 | ||
| 999 | _d210262 | ||